Политическая история России. От образования русского централизованного государства до начала XXI века: учебник

Бібліографічні деталі
Автор: Мунчаев Ш. М. Шамиль Магомедович
Резюме:Хронологические рамки труда известного российского историка охватывают годы наиболее насыщенной событиями политической истории России. В четырех разделах книги рассказывается о времени становления и развития самодержавия в России, освещаются события политической истории России XVI—XX вв., раскрываются сущность всех трех российских революций и их последствия, анализируется по­литическая победа большевизма, обобщается политическая история России в составе Советского Союза и в современный период.Для студентов, аспирантов и преподавателей вузов, а также для всех, кто интересуется отечественной историей.
Мова:Російська
Опубліковано: Москва, Инфра-М, 2016
Редагування:3-е изд., пересмотр.
Предмети:
Формат: MixedMaterials Книга
KOHA link:https://koha.lib.tpu.ru/cgi-bin/koha/opac-detail.pl?biblionumber=311449

MARC

LEADER 00000nam0a2200000 4500
001 311449
005 20250527172713.0
010 |a 9785917686868 
010 |a 978-5-16-011498-9 
035 |a (RuTPU)RU\TPU\book\336806 
090 |a 311449 
100 |a 20151208d2016 m y0rusy50 ca 
101 0 |a rus 
102 |a RU 
105 |a y j 001zy 
200 1 |a Политическая история России. От образования русского централизованного государства до начала XXI века  |e учебник  |f Ш. М. Мунчаев 
205 |a 3-е изд., пересмотр. 
210 |a Москва  |c Инфра-М  |c Норма  |d 2016 
215 |a 384 с. 
320 |a Библиогр.: с. 376-383. 
330 |a Хронологические рамки труда известного российского историка охватывают годы наиболее насыщенной событиями политической истории России. В четырех разделах книги рассказывается о времени становления и развития самодержавия в России, освещаются события политической истории России XVI—XX вв., раскрываются сущность всех трех российских революций и их последствия, анализируется по­литическая победа большевизма, обобщается политическая история России в составе Советского Союза и в современный период.Для студентов, аспирантов и преподавателей вузов, а также для всех, кто интересуется отечественной историей. 
606 |a Политическая история России  |2 stltpush  |3 (RuTPU)RU\TPU\subj\64750  |9 81507 
610 1 |a самодержавие 
610 1 |a становление 
610 1 |a Российская империя 
610 1 |a политическое развитие 
610 1 |a революции 
610 1 |a войны 
610 1 |a Советская власть 
610 1 |a СССР 
610 1 |a Российская Федерация 
610 1 |a учебники 
686 |a Т3(2)-3я7  |2 rubbk 
700 1 |a Мунчаев  |b Ш. М.  |g Шамиль Магомедович 
801 1 |a RU  |b 63413507  |c 20151208 
801 2 |a RU  |b 63413507  |c 20160302  |g RCR 
850 |a 63413507 
942 |c BK